|
|
|
|
| LEADER |
00708cam a2200217 7i4500 |
| 001 |
0000007608 |
| 005 |
20170218090000.0 |
| 020 |
|
|
|a 9780070596306
|
| 020 |
|
|
|a 0070596301 (hbk.)
|
| 090 |
0 |
0 |
|a TA165
|b .S65 1999
|
| 100 |
1 |
|
|a Soloman, Sabrie
|
| 245 |
1 |
0 |
|a Sensors handbook
|c Sabrie Soloman.
|
| 260 |
|
|
|a New York:
|b McGraw-Hill,
|c 1998.
|
| 300 |
|
|
|a lii, 1050 p.:
|b ill.;
|c 24 cm.
|
| 490 |
0 |
|
|a McGraw-Hill handbooks
|
| 500 |
|
|
|a Includes index
|
| 650 |
0 |
0 |
|a Detectors
|
| 997 |
|
|
|a Engineering, Faculty
|b Engineering, Department
|
| 998 |
|
|
|a Mechatronics Engineering, Degree
|
| 999 |
|
|
|a 0000000053
|b BOK
|c REFERENCE
|e Ground Floor, Bestari Jaya
|
| 999 |
|
|
|a 0000000265
|b BOK
|c REFERENCE
|e Ground Floor, Bestari Jaya
|